| 000 | 00938cab a2200301 4500 | ||
|---|---|---|---|
| 001 | WB3003-16 | ||
| 008 | 090401t1994 xxu||||| |||| 00| 0 eng d | ||
| 035 | _a(Sirsi) u53290 | ||
| 041 | _aeng | ||
| 245 | _aPrivate - keep well away | ||
| 260 | _c1994 | ||
| 350 | _a0 | ||
| 490 |
_aDaily Telegraph _v19 January 1994, 29(1) |
||
| 520 | _aThe buying up by housing associations of houses on private estates is upsetting some homeowners, who feel the value of their property is affected. A council tax banding appeal based on this argument has been successful. (See WB3003- ) | ||
| 650 | _aAPPEALS | ||
| 650 | _aBANDING | ||
| 650 | _aCOUNCIL TAX | ||
| 650 | _aHOUSE PRICES | ||
| 650 | _aHOUSING ASSOCIATIONS | ||
| 650 | _aHOUSING ESTATES | ||
| 650 | _aPRIVATE ESTATES | ||
| 650 | _aREDUCTION | ||
| 650 |
_aValuation _96273 |
||
| 690 | _aHOUSING | ||
| 690 | _aRATING AND VALUATION | ||
| 942 | _n0 | ||
| 948 | _c04/03/1997 | ||
| 999 |
_c32865 _d32865 |
||